| 000 | 00441cam a22000977a 4500 | ||
|---|---|---|---|
| 008 | 180718b1950 xxu||||| |||| 00| 0 eng d | ||
| 082 | _aA45:R6603 MADH/1948 | ||
| 245 |
_aReport on the administratio of the workmen's compensation act, 1923 (VIII of 1923), in the Central Provinces and Berar and Central Provinces States during 1948 _cby Government of the Central Provinces and Berar |
||
| 260 |
_aNagpur _bGovernment Printing _c1950 |
||
| 300 | _a9p. | ||
| 999 |
_c503702 _d503702 |
||